Los restos de Colón en Santo Domingo y los dos restos de Cristóbal Colón / (Record no. 129004)

MARC details
000 -LEADER
campo de control de longitud fija 00787nam a2200217 i 4500
001 - NÚMERO DE CONTROL
campo de control 129004
003 - IDENTIFICADOR DE NÚMERO DE CONTROL
campo de control ES-MaACL
005 - FECHA Y HORA DE LA ÚLTIMA TRANSACCIÓN
campo de control 20230906193422.0
007 - CAMPO FIJO DE DESCRIPCIÓN FÍSICA--INFORMACIÓN GENERAL
campo de control de longitud fija t|
008 - DATOS DE LONGITUD FIJA--INFORMACIÓN GENERAL
campo de control de longitud fija 070601s1953 dr a |||| |dspa d
080 ## - NÚMERO DE LA CLASIFICACIÓN DECIMAL UNIVERSAL
Número de la Clasificación Decimal Universal 929 Colón, Cristobal
100 1# - ENTRADA PRINCIPAL--NOMBRE DE PERSONA
Nombre de persona Tejera, Emiliano.
9 (RLIN) 109578
245 14 - MENCIÓN DEL TÍTULO
Título Los restos de Colón en Santo Domingo y los dos restos de Cristóbal Colón /
Mención de responsabilidad, etc. Emiliano Tejera.
250 ## - MENCION DE EDICION
Mención de edición 4ª ed. preparada por Fray Cipriano de Utrera.
260 ## - PUBLICACIÓN, DISTRIBUCIÓN, ETC.
Lugar de publicación, distribución, etc. Ciudad Trujillo (República Dominicana) :
Nombre del editor, distribuidor, etc. Edit. Montalvo,
Fecha de publicación, distribución, etc. 1953.
300 ## - DESCRIPCIÓN FÍSICA
Extensión XVI, 354 p. :
Otras características físicas il. ;
Dimensiones 23 cm.
600 14 - PUNTO DE ACCESO ADICIONAL DE MATERIA--NOMBRE DE PERSONA
Nombre de persona Colón, Cristóbal-
Subdivisión general Sepulcro.
9 (RLIN) 169312
600 14 - PUNTO DE ACCESO ADICIONAL DE MATERIA--NOMBRE DE PERSONA
Nombre de persona Colón, Cristóbal-
Subdivisión general Muerte y entierro.
9 (RLIN) 169313
700 1# - ENTRADA AGREGADA--NOMBRE PERSONAL
Nombre de persona Utrera, Cipriano de
Títulos y otros términos asociados al nombre , Fray.
9 (RLIN) 112327
852 ## - LOCALIZACIÓN
Ubicación ES-MaACL
Número de control de estantería C-8726
Holdings
Estatus retirado Estado de pérdida Estado de daño No para préstamo Biblioteca de origen Biblioteca actual Ubicación en estantería Fecha de adquisición Fuente de adquisición Total de préstamos Signatura topográfica completa Código de barras Visto por última vez Precio de reemplazo Tipo de ítem Koha
        Biblioteca del Ateneo de Madrid Biblioteca del Ateneo de Madrid Sala Palomar 17/01/2008     C-8726 1134345 23/02/2023 23/02/2023 Libro impreso